[Event "2. Bundesliga West 2013/14"]
[Site "Salzburg"]
[Date "2014.03.09"]
[Round "11"]
[Board "5"]
[White "Spiesberger, Gerhard"]
[Black "Kupfner, Franz"]
[Result "1/2-1/2"]
[WhiteElo "2098"]
[BlackElo "2178"]
[PlyCount "172"]
[EventDate "2013.10.18"]
[EventType "team"]
[EventRounds "11"]
[EventCountry "AUT"]
[WhiteTeam "Ranshofen"]
[BlackTeam "Zillertal"]

1. e4 c5 2. c3 Nf6 3. e5 Nd5 4. Bc4 Qc7 5. Nf3 Nb6 6. Bb3 c4 7. Bc2 Nc6 8. Qe2
g5 9. Nxg5 Qxe5 10. d4 cxd3 11. Bxd3 Qxe2+ 12. Bxe2 h6 13. Nf3 e6 14. Nbd2 d5
15. Nb3 Bd7 16. Be3 Na4 17. O-O-O a6 18. Rhe1 Bg7 19. Nfd4 Nxd4 20. Bxd4 Bxd4
21. Rxd4 O-O-O 22. Bh5 Rh7 23. f4 Rg7 24. g3 Nb6 25. Nd2 Kb8 26. b3 Rc8 27. Kb2
Rc7 28. c4 dxc4 29. Nxc4 Nxc4+ 30. Rxc4 Rxc4 31. bxc4 Kc7 32. Kc3 f6 33. Bf3
Re7 34. Kd4 Bc6 35. Bd5 Kd7 36. Bxc6+ Kxc6 37. c5 Rd7+ 38. Kc4 Re7 39. Rb1 h5
40. Rb6+ Kc7 41. Rd6 Re8 42. a4 Re7 43. a5 Re8 44. Rb6 h4 45. gxh4 f5 46. h5 e5
47. fxe5 Rxe5 48. h6 f4 49. c6 bxc6 50. Rxa6 Kb7 51. Rb6+ Kc7 52. Rb3 Rxa5 53.
Rh3 Ra8 54. h7 Rh8 55. Kd4 Kd7 56. Ke4 Ke7 57. Kxf4 Kf7 58. Rh6 c5 59. Kg5 Kg7
60. Rc6 Rxh7 61. h4 Kg8 62. Rc8+ Kf7 63. h5 Rg7+ 64. Kh6 Rg1 65. Rxc5 Rg2 66.
Rf5+ Kg8 67. Rf6 Ra2 68. Kg6 Rg2+ 69. Kh6 Ra2 70. Rb6 Rh2 71. Rb8+ Kf7 72. Rb7+
Kg8 73. Rg7+ Kf8 74. Rg5 Kf7 75. Kh7 Rh1 76. h6 Kf6 77. Rg2 Kf7 78. Rf2+ Ke7
79. Kg7 Rg1+ 80. Kh8 Rg3 81. h7 Rg1 82. Ra2 Kf7 83. Ra8 Rg2 84. Rg8 Rf2 85.
Rg7+ Kf8 86. Ra7 Rf1 1/2-1/2

[Event "2. Bundesliga West 2013/14"]
[Site "Salzburg"]
[Date "2014.03.09"]
[Round "11"]
[Board "6"]
[White "Kroell, Johannes"]
[Black "Kuecher, Wolfgang"]
[Result "0-1"]
[WhiteElo "2200"]
[BlackElo "2079"]
[PlyCount "144"]
[EventDate "2013.10.18"]
[EventType "team"]
[EventRounds "11"]
[EventCountry "AUT"]
[WhiteTeam "Zillertal"]
[BlackTeam "Ranshofen"]

1.Nc3 d5 2.e3 Nf6 3.d4 Bg4 4.f3 Bh5 5.g4 Bg6 6.h4 h5 7.g5 Ng8 8.Nge2 e6 9.e4 dxe4
10.fxe4 Bb4 11.Bg2 c5 12.Be3 Nc6 13.dxc5 Qa5 14.a3 Rd8 15.Qc1 Bxc5 16.O-O Qb6 17.Bxc5
Qxc5+ 18.Kh1 Ne5 19.Qf4 Ng4 20.Rad1 Rxd1 21.Nxd1 Qe5 22.Ndc3 Ne7 23.Bf3 Nc6 24.Qxe5
Ncxe5 25.Nd4 Ke7 26.Kg1 Rd8 27.Nb3 Ne3 28.Rc1 Nxf3+ 29.Kf2 Nxc2 30.Rxc2 Nd4 31.Nxd4
Rxd4 32.Ke3 Rd7 33.Nb5 a6 34.Nd4 Kd6 35.Rc8 Rc7 36.Rd8+ Ke7 37.Rg8 Rc1 38.Rb8 Re1+
39.Kf2 Rxe4 40.Rxb7+ Kd6 41.Nf3 Rc4 42.Ke3 Re4+ 43.Kd2 Rf4 44.Ke3 Re4+ 45.Kd2 Kc5
46.b4+ Kc6 47.Ra7 Kb6 48.Rd7 a5 49.Rd6+ Kc7 50.Rd4 axb4 51.Rxb4 Rxb4 52.axb4 f6 53.Kc3
Be4 54.Nd2 Bd5 55.gxf6 gxf6 56.Nf1 Kd6 57.Kd4 e5+ 58.Kd3 Bf7 59.Ng3 Bg6+ 60.Kc4 f5
61.b5 f4 62.Ne2 Bf7+ 63.Kb4 Bd5 64.b6 Bb7 65.Kb5 f3 66.Ng3 f2 67.Nf5+ Kd5 68.Ne3+
Ke4 69.Nf1 Kd3 70.Kc5 e4 71.Kd6 e3 72.Kc7 Ba60-1 0-1

[Event "2. Bundesliga West 2013/14"]
[Site "Salzburg"]
[Date "2014.03.09"]
[Round "11"]
[Board "1"]
[White "Wegener, Olaf"]
[Black "Bayer, Bernhard"]
[Result "1/2-1/2"]
[WhiteElo "2437"]
[BlackElo "2444"]
[PlyCount "68"]
[EventDate "2013.10.18"]
[EventType "team"]
[EventRounds "11"]
[EventCountry "AUT"]
[WhiteTeam "Rochade Rum"]
[BlackTeam "Schwaz"]

1. e4 e5 2. Nf3 Nc6 3. Bb5 a6 4. Ba4 Nf6 5. O-O Be7 6. Re1 b5 7. Bb3 d6 8. c3
O-O 9. h3 Nb8 10. d4 Nbd7 11. Nbd2 Bb7 12. Bc2 Re8 13. Nf1 Bf8 14. Ng3 g6 15.
Bg5 h6 16. Bd2 c5 17. d5 Nb6 18. b3 c4 19. Be3 cxb3 20. axb3 Qc7 21. Ne2 Kh7
22. Nh2 Bc8 23. Bd3 Bd7 24. Qb1 Reb8 25. Bc2 a5 26. f4 a4 27. Nf3 axb3 28. Qxb3
Nc4 29. Bf2 Ra4 30. Ra2 Rba8 31. Rea1 Be8 32. Bd3 Na5 33. Qb1 Nc4 34. Qb3 Na5
 1/2-1/2

[Event "2. Bundesliga West 2013/14"]
[Site "Salzburg"]
[Date "2014.03.09"]
[Round "11"]
[Board "2"]
[White "Panteleev, Petar"]
[Black "Zimmermann, Ulrich"]
[Result "0-1"]
[WhiteElo "2306"]
[BlackElo "2272"]
[PlyCount "94"]
[EventDate "2013.10.18"]
[EventType "team"]
[EventRounds "11"]
[EventCountry "AUT"]
[WhiteTeam "Schwaz"]
[BlackTeam "Rochade Rum"]

1.Nf3 d5 2.d4 Nf6 3.c4 dxc4 4.e3 b5 5.a4 b4 6.Bxc4 e6 7.O-O Be7 8.Qe2 Bb7 9.Rd1 O-O
10.Nbd2 c5 11.Nb3 Nbd7 12.Ba6 Qb6 13.Bxb7 Qxb7 14.dxc5 Ne4 15.c6 Qxc6 16.Nfd4 Qb6
17.f3 Nec5 18.Bd2 Rfc8 19.a5 Qb7 20.Be1 e5 21.Nf5 Bf8 22.Nxc5 Nxc5 23.Nd6 Bxd6 24.Rxd6
e4 25.Rd4 exf3 26.gxf3 b3 27.Rad1 Rab8 28.Bg3 Ra8 29.Bd6 Ne6 30.Rb4 Qc6 31.Rxb3 Qa4
32.Ra3 Rc2 33.Qd3 Qc6 34.Qd5 Qe8 35.b4 Rd8 36.Rad3 h6 37.Qe5 Qa4 38.R3d2 Ng5 39.Kg2
Qc6 40.e4 Qc8 41.Qf5 Qc3 42.Rf2 Rxf2+ 43.Kxf2 Qc2+ 44.Ke1 Qg2 45.Rd3 Rxd6 46.Qc8+
Kh7 47.Rxd6 Qg1+0-1 0-1

[Event "2. Bundesliga West 2013/14"]
[Site "Salzburg"]
[Date "2014.03.09"]
[Round "11"]
[Board "3"]
[White "Pogan, Nikolas"]
[Black "Fuchs, Georg"]
[Result "1/2-1/2"]
[WhiteElo "2293"]
[BlackElo "2230"]
[PlyCount "73"]
[EventDate "2013.10.18"]
[EventType "team"]
[EventRounds "11"]
[EventCountry "AUT"]
[WhiteTeam "Rochade Rum"]
[BlackTeam "Schwaz"]

1. d4 Nf6 2. Nf3 e6 3. Bg5 d5 4. e3 Be7 5. Nbd2 O-O 6. Bd3 h6 7. Bh4 c5 8. c3
Qb6 9. Rb1 Nc6 10. O-O Ne8 11. Bxe7 Nxe7 12. Ne5 f6 13. Nef3 Bd7 14. Re1 Nc6
15. dxc5 Qxc5 16. e4 Nc7 17. exd5 Nxd5 18. Ne4 Qb6 19. Bc4 Nce7 20. Bxd5 exd5
21. Ng3 Rfe8 22. Qd3 Rad8 23. h3 Qa5 24. a3 Qc5 25. Nd4 Kf7 26. Qf3 g6 27. Qf4
h5 28. Re3 Nc6 29. Qc7 Rxe3 30. Nxc6 bxc6 31. Qxd8 Qe7 32. Qh8 Re1+ 33. Rxe1
Qxe1+ 34. Kh2 Qxf2 35. Qh7+ Ke6 36. Qxg6 Qxb2 37. Qg8+ 1/2-1/2

[Event "2. Bundesliga West 2013/14"]
[Site "Salzburg"]
[Date "2014.03.09"]
[Round "11"]
[Board "4"]
[White "Gruber, Michael"]
[Black "Hoellrigl, Wilfried"]
[Result "1/2-1/2"]
[WhiteElo "2205"]
[BlackElo "2183"]
[PlyCount "89"]
[EventDate "2013.10.18"]
[EventType "team"]
[EventRounds "11"]
[EventCountry "AUT"]
[WhiteTeam "Schwaz"]
[BlackTeam "Rochade Rum"]

1. e4 c5 2. Nf3 Nc6 3. d4 cxd4 4. Nxd4 Nf6 5. Nc3 e5 6. Ndb5 d6 7. Bg5 a6 8.
Na3 b5 9. Nd5 Be7 10. Bxf6 Bxf6 11. c3 Ne7 12. Nc2 Nxd5 13. Qxd5 Rb8 14. Nb4
Bb7 15. Qd3 O-O 16. Nd5 Bg5 17. g3 f5 18. Bg2 f4 19. O-O Qd7 20. h4 Bd8 21. Kh2
g5 22. hxg5 Bxg5 23. Rad1 Qg7 24. Bh3 Qh6 25. gxf4 exf4 26. Rg1 Kh8 27. Qd4+
Bf6 28. Nxf6 Qxf6 29. f3 Rbd8 30. Rg5 Qxd4 31. Rxd4 Rf6 32. Bf5 Re8 33. Kh3 h6
34. Rg4 Re5 35. Rxf4 d5 36. Kg3 Kg7 37. Rg4+ Kf7 38. Bh7 dxe4 39. fxe4 Re7 40.
Rd8 Ke6 41. Bf5+ Ke5 42. Kh4 Bc6 43. Rd2 Rc7 44. Rg6 Rcf7 45. Rxf6 1/2-1/2

[Event "2. Bundesliga West 2013/14"]
[Site "Salzburg"]
[Date "2014.03.09"]
[Round "11"]
[Board "5"]
[White "Hengl, Christian"]
[Black "Kondrak, Christof"]
[Result "1-0"]
[WhiteElo "2214"]
[BlackElo "2165"]
[PlyCount "99"]
[EventDate "2013.10.18"]
[EventType "team"]
[EventRounds "11"]
[EventCountry "AUT"]
[WhiteTeam "Rochade Rum"]
[BlackTeam "Schwaz"]

1. e4 c5 2. Nf3 Nc6 3. d4 cxd4 4. Nxd4 e6 5. Be3 a6 6. Bd3 g6 7. O-O Bg7 8. c3
Nge7 9. Qd2 O-O 10. Na3 b5 11. Bh6 d5 12. Bxg7 Kxg7 13. Nac2 Bb7 14. Qe3 dxe4
15. Bxe4 Nd5 16. Bxd5 Qxd5 17. Nxc6 Qxc6 18. f3 Rfd8 19. Rfd1 Qc4 20. Rd2 Rac8
21. a3 Rd5 22. Rad1 Rdc5 23. Nb4 a5 24. Nd3 Rh5 25. Ne5 Qc5 26. Qxc5 Rxc5 27.
Nd3 Rc4 28. Nf2 b4 29. axb4 axb4 30. Rd4 Rxd4 31. cxd4 Rd5 32. Ng4 Ra5 33. Kf2
Bd5 34. Rd2 Bb3 35. Ne5 Kf8 36. Ke3 f6 37. Nd3 Rb5 38. Nc5 Bd5 39. Rc2 Ke7 40.
Nd3 Rb7 41. Rc8 Kd7 42. Rh8 Kc6 43. Rc8+ Kd7 44. Rh8 Kc6 45. Nc5 Rb6 46. Rxh7
e5 47. Rg7 b3 48. Nd3 Kb5 49. dxe5 Bc4 50. Rxg6 1-0

[Event "2. Bundesliga West 2013/14"]
[Site "Salzburg"]
[Date "2014.03.09"]
[Round "11"]
[Board "6"]
[White "Binder, Moriz"]
[Black "Jedinger, Andreas"]
[Result "1-0"]
[WhiteElo "2044"]
[BlackElo "2169"]
[PlyCount "49"]
[EventDate "2013.10.18"]
[EventType "team"]
[EventRounds "11"]
[EventCountry "AUT"]
[WhiteTeam "Schwaz"]
[BlackTeam "Rochade Rum"]

1. d4 d5 2. c4 e6 3. Nc3 c5 4. cxd5 exd5 5. Nf3 Nc6 6. g3 Nf6 7. Bg2 Be7 8. O-O
O-O 9. Bg5 c4 10. a3 Be6 11. Qc2 h6 12. Bxf6 Bxf6 13. Rad1 Qa5 14. e4 dxe4 15.
Nxe4 Be7 16. Qc3 Rfd8 17. Rfe1 Bf8 18. Qxa5 Nxa5 19. Nc3 Rac8 20. Ne5 Bd6 21.
Nb5 a6 22. Nxd6 Rxd6 23. d5 Bf5 24. Rc1 Rc5 25. b4 1-0

[Event "2. Bundesliga West 2013/14"]
[Site "Salzburg"]
[Date "2014.03.09"]
[Round "11"]
[Board "1"]
[White "Milanovic, Danilo"]
[Black "Burschowsky, Matthias"]
[Result "1/2-1/2"]
[WhiteElo "2506"]
[BlackElo "2186"]
[PlyCount "113"]
[EventDate "2013.10.18"]
[EventType "team"]
[EventRounds "11"]
[EventCountry "AUT"]
[WhiteTeam "Dornbirn"]
[BlackTeam "Pradl"]

1. d4 Nf6 2. c4 e6 3. Nc3 Bb4 4. e3 O-O 5. Bd3 c5 6. Nf3 b6 7. O-O Bb7 8. Na4
cxd4 9. a3 Be7 10. exd4 d6 11. b4 Nbd7 12. Re1 Rc8 13. Bb2 Re8 14. Nc3 a6 15.
Bf1 Qc7 16. Qd3 Qb8 17. Rad1 Qa8 18. Ng5 h6 19. Nh3 Bf8 20. Nf4 e5 21. dxe5
Nxe5 22. Qd4 Bf3 23. Rc1 g5 24. Nfd5 Bxd5 25. cxd5 b5 26. f4 gxf4 27. Qxf4 Bg7
28. Kh1 Nxd5 29. Qg3 Nf6 30. Rcd1 Kh8 31. Rxd6 Nc4 32. Bxc4 Rxc4 33. Rf1 Re6
34. Rxe6 fxe6 35. h3 Nh5 36. Qf3 Qe8 37. Re1 Qg6 38. Nd1 Bxb2 39. Nxb2 Rc2 40.
Nd3 Qf5 41. Qe3 Kh7 42. Kg1 Rc3 43. Qa7+ Ng7 44. Nf2 Rxa3 45. Ng4 Rb3 46. Rf1
Rb1 47. Rxb1 Qxb1+ 48. Kh2 Qf5 49. Qe3 Qg5 50. Qe4+ Qf5 51. Qe3 Qg5 52. Qe4+
Qf5 53. Qd4 Nh5 54. Qd7+ Ng7 55. Qd2 Qg5 56. Qd3+ Qf5 57. Qe3 1/2-1/2

[Event "2. Bundesliga West 2013/14"]
[Site "Salzburg"]
[Date "2014.03.09"]
[Round "11"]
[Board "2"]
[White "Matt, Stefan"]
[Black "Drabke, Lorenz"]
[Result "0-1"]
[WhiteElo "2073"]
[BlackElo "2459"]
[PlyCount "94"]
[EventDate "2013.10.18"]
[EventType "team"]
[EventRounds "11"]
[EventCountry "AUT"]
[WhiteTeam "Pradl"]
[BlackTeam "Dornbirn"]

1.e4 c5 2.Nc3 Nc6 3.f4 g6 4.Nf3 Bg7 5.Bc4 e6 6.d3 Nge7 7.O-O O-O 8.Qe1 d5 9.Bb3 Na5
10.Bd2 Nec6 11.Ba4 a6 12.Bxc6 Nxc6 13.a4 b6 14.Qg3 Nd4 15.Nxd4 cxd4 16.Nd1 dxe4 17.dxe4
Bb7 18.Nf2 Rc8 19.Qb3 a5 20.Rfe1 Qc7 21.Rac1 Ba6 22.Nd3 Rfd8 23.Qa3 Rd6 24.b4 axb4
25.Nxb4 Bc4 26.Nd3 Ra8 27.Bb4 Rd7 28.Nb2 b5 29.a5 Qxf4 30.Nd3 Qb8 31.Bc5 Bf8 32.Ra1
Bxd3 33.Bxf8 Bxc2 34.Bb4 d3 35.Qc1 e5 36.Qg5 Qa7+ 37.Kh1 Qd4 38.Bd2 b4 39.Qf6 Rd6
40.Qe7 b3 41.Qb7 Ra7 42.Qb5 b2 43.Qe8+ Kg7 44.Bh6+ Kxh6 45.Qf8+ Kg5 46.h4+ Kg4 47.Qh6
f60-1 0-1

[Event "2. Bundesliga West 2013/14"]
[Site "Salzburg"]
[Date "2014.03.09"]
[Round "11"]
[Board "3"]
[White "Kanonier, Clemens"]
[Black "Lins, Philipp"]
[Result "1-0"]
[WhiteElo "2112"]
[BlackElo "2067"]
[PlyCount "109"]
[EventDate "2013.10.18"]
[EventType "team"]
[EventRounds "11"]
[EventCountry "AUT"]
[WhiteTeam "Dornbirn"]
[BlackTeam "Pradl"]

1. e4 d6 2. d4 Nf6 3. Nc3 c6 4. h3 Nbd7 5. g4 h6 6. Bg2 e5 7. Nge2 b5 8. Ng3
Qc7 9. Nce2 Bb7 10. c3 Nb6 11. O-O c5 12. f4 O-O-O 13. fxe5 dxe5 14. d5 Ne8 15.
b3 Nd6 16. Nf5 g6 17. Nxd6+ Bxd6 18. Rf6 Qe7 19. Qf1 Rdf8 20. Be3 Nd7 21. Rf3
Nb6 22. Ng3 b4 23. Qc1 Kb8 24. Bxh6 Rc8 25. Bg7 Rhg8 26. Bf6 Qe8 27. c4 Nd7 28.
Qf1 Rc7 29. Bg5 Rg7 30. Qd3 Nf8 31. a3 Nh7 32. Bh6 Rg8 33. Be3 a5 34. axb4 axb4
35. Rf2 Qe7 36. Raf1 Qf8 37. Qd2 Bc8 38. Ra1 Bb7 39. Ra5 Qe7 40. Rf1 Nf8 41.
Rfa1 Nd7 42. Qa2 Kc8 43. Qf2 f6 44. Rf1 Rf8 45. Ra2 Kd8 46. Qe1 Rc8 47. Ne2 Kc7
48. Qg3 g5 49. Qf2 Ra8 50. Rb2 Bc8 51. Ng3 Nb6 52. Ra2 Rxa2 53. Qxa2 Bb7 54.
Nf5 Qd7 55. Qf2 1-0

[Event "2. Bundesliga West 2013/14"]
[Site "Salzburg"]
[Date "2014.03.09"]
[Round "11"]
[Board "4"]
[White "Praxmarer, Christian"]
[Black "Scheffknecht, Philipp"]
[Result "0-1"]
[WhiteElo "1989"]
[BlackElo "2124"]
[PlyCount "146"]
[EventDate "2013.10.18"]
[EventType "team"]
[EventRounds "11"]
[EventCountry "AUT"]
[WhiteTeam "Pradl"]
[BlackTeam "Dornbirn"]

1.d4 Nf6 2.c4 g6 3.Nc3 Bg7 4.Bg5 h6 5.Bf4 d6 6.e4 c5 7.dxc5 Qa5 8.Qa4+ Qxa4 9.Nxa4
Nxe4 10.cxd6 Bd7 11.Bd3 Nxd6 12.Nc3 Bxc3+ 13.bxc3 Na6 14.Nf3 Rc8 15.O-O Nc5 16.Be2
Nde4 17.Ne5 Be6 18.Bf3 g5 19.Be3 b6 20.Bxc5 Nxc5 21.Bc6+ Kf8 22.Bd5 Kg7 23.f4 f6 24.Nc6
Rc7 25.f5 Bxd5 26.cxd5 Kf7 27.a4 Ne4 28.Rf3 Nd2 29.Rd3 Nc4 30.Re1 Nd6 31.g4 Re8 32.Kg2
Rd7 33.Rd4 Rc8 34.Rb4 Nb7 35.Re3 Nd8 36.Nxd8+ Rdxd8 37.Rbe4 Rc7 38.Kf3 Rxd5 39.Ke2
Rcd7 40.Rh3 Rd2+ 41.Kf1 Ra2 42.Rxh6 Rd1+ 43.Re1 Rxe1+ 44.Kxe1 Rxa4 45.Rh7+ Ke8 46.h3
Ra2 47.h4 gxh4 48.Rxh4 Rc2 49.Rh8+ Kd7 50.Rh3 a5 51.Rd3+ Kc6 52.Kd1 Rg2 53.Rd4 b5
54.Re4 Kd5 55.Rxe7 Rxg4 56.Re6 Kc4 57.Rc6+ Kd3 58.Kc1 Rc4 59.Rxf6 Kxc3 60.Rd6 b4 61.Kb1
Rf4 62.Rd1 Rxf5 63.Rc1+ Kb3 64.Rh1 Rf3 65.Ka1 Ka3 66.Rg1 a4 67.Rh1 b3 68.Rg1 Rf4 69.Rh1
Kb4 70.Rg1 a3 71.Rh1 a2 72.Kb2 Rf2+ 73.Ka1 Ka30-1 0-1

[Event "2. Bundesliga West 2013/14"]
[Site "Salzburg"]
[Date "2014.03.09"]
[Round "11"]
[Board "5"]
[White "Gsteu, Peter"]
[Black "Nedelchev, Nikolay"]
[Result "1/2-1/2"]
[WhiteElo "2146"]
[BlackElo "2045"]
[PlyCount "111"]
[EventDate "2013.10.18"]
[EventType "team"]
[EventRounds "11"]
[EventCountry "AUT"]
[WhiteTeam "Dornbirn"]
[BlackTeam "Pradl"]

1. d4 e6 2. Nf3 b6 3. Bf4 Bb7 4. e3 Nf6 5. Bd3 Be7 6. Nbd2 c5 7. c3 O-O 8. h3
Nc6 9. O-O h6 10. Qe2 cxd4 11. exd4 Nd5 12. Bh2 d6 13. Rfe1 Qd7 14. Rad1 Rfe8
15. Bb1 Nf6 16. Ne4 Nxe4 17. Qxe4 g6 18. Qd3 Bf8 19. h4 Ne7 20. h5 Bg7 21. hxg6
Nxg6 22. a3 Rad8 23. Bg3 Qe7 24. Ba2 Qf6 25. Qe3 Re7 26. Nd2 Red7 27. Ne4 Bxe4
28. Qxe4 d5 29. Qe3 Qg5 30. Bb1 Qxe3 31. Rxe3 Nf8 32. Bh4 Rc8 33. Rde1 Nh7 34.
g4 Kh8 35. f3 Rg8 36. Kf2 Bf6 37. Bxf6+ Nxf6 38. Rh1 Kg7 39. Re5 Rdd8 40. Bd3
Nd7 41. Reh5 Rh8 42. a4 Nf6 43. Re5 Nd7 44. Ree1 Nf8 45. Ke3 Ng6 46. Ra1 a5 47.
Rac1 Ne7 48. Rb1 Rc8 49. Rh2 Rc7 50. Rbh1 f6 51. Re1 Nc8 52. f4 Nd6 53. Kf3 Re8
54. Rhe2 Kf7 55. Kg3 Rce7 56. Kf3 1/2-1/2

[Event "2. Bundesliga West 2013/14"]
[Site "Salzburg"]
[Date "2014.03.09"]
[Round "11"]
[Board "6"]
[White "Haemmerle, Gernot"]
[Black "Laengle, Philipp"]
[Result "1-0"]
[WhiteElo "2042"]
[BlackElo "1769"]
[PlyCount "45"]
[EventDate "2013.10.18"]
[EventType "team"]
[EventRounds "11"]
[EventCountry "AUT"]
[WhiteTeam "Pradl"]
[BlackTeam "Dornbirn"]

1. e4 c6 2. c4 e5 3. d4 Bb4+ 4. Bd2 Bxd2+ 5. Qxd2 Qc7 6. Qg5 Ne7 7. Qxg7 Rg8 8.
Qxe5 Qxe5 9. dxe5 Ng6 10. Nf3 Kd8 11. Nc3 Re8 12. g3 Nxe5 13. Nxe5 Rxe5 14. f4
Re7 15. O-O-O f6 16. Bh3 d5 17. Bxc8 Kxc8 18. exd5 Kd7 19. dxc6+ Kxc6 20. Nd5
Re4 21. Nxf6 Rxc4+ 22. Kb1 h6 23. Rd8 1-0

[Event "2. Bundesliga West 2013/14"]
[Site "Salzburg"]
[Date "2014.03.09"]
[Round "11"]
[Board "1"]
[White "Zelcic, Robert"]
[Black "Serafimov, Tervel"]
[Result "1-0"]
[WhiteElo "2541"]
[BlackElo "2425"]
[PlyCount "78"]
[EventDate "2013.10.18"]
[EventType "team"]
[EventRounds "11"]
[EventCountry "AUT"]
[WhiteTeam "Schwarzach"]
[BlackTeam "Bregenz"]

1. e4 c6 2. d4 d5 3. Nc3 dxe4 4. Nxe4 Bf5 5. Ng3 Bg6 6. h4 h6 7. Nf3 Nd7 8. h5
Bh7 9. Bd3 Bxd3 10. Qxd3 Qc7 11. Bd2 e6 12. O-O-O O-O-O 13. Ne4 Ngf6 14. g3 Nc5
15. Nxc5 Bxc5 16. c4 Bd6 17. Bc3 Qe7 18. Qe2 c5 19. Ne5 cxd4 20. Bxd4 Bxe5 21.
Qxe5 Qc7 22. Qxc7+ Kxc7 23. f3 Rhg8 24. g4 Nd7 25. Rh2 a6 26. Rhd2 f6 27. Bc3
b6 28. Bb4 Rge8 29. Kc2 e5 30. b3 e4 31. fxe4 Rxe4 32. Bf8 Ree8 33. Bxg7 Rg8
34. Bxh6 Rxg4 35. Be3 Rg7 36. h6 Re7 37. Bf4+ Kc8 38. Rd6 Re2+ 39. Kb1 Re4 1-0

[Event "2. Bundesliga West 2013/14"]
[Site "Salzburg"]
[Date "2014.03.09"]
[Round "11"]
[Board "3"]
[White "Hecht, Hans-Joachim"]
[Black "Dobosz, Henryk"]
[Result "0-1"]
[WhiteElo "2340"]
[BlackElo "2371"]
[PlyCount "54"]
[EventDate "2013.10.18"]
[EventType "team"]
[EventRounds "11"]
[EventCountry "AUT"]
[WhiteTeam "Schwarzach"]
[BlackTeam "Bregenz"]

1.d4 d6 2.Nf3 g6 3.e4 Bg7 4.Bc4 Nf6 5.Qe2 c6 6.Bb3 e5 7.O-O Qe7 8.dxe5 dxe5 9.Bg5
Nbd7 10.Nbd2 Nc5 11.Nc4 Bg4 12.h3 Bxf3 13.Qxf3 O-O 14.Ne3 Ne6 15.Bxe6 Qxe6 16.Rfd1
h6 17.Bxf6 Bxf6 18.Qg4 Rfe8 19.Rd7 Rab8 20.Qxe6 Rxe6 21.Rad1 Be7 22.Kf1 Kf8 23.Nc4
b5 24.Na5 Bc5 25.c3 Bb6 26.Nb7 Re7 27.Nd8 Rxd70-1 0-1

[Event "2. Bundesliga West 2013/14"]
[Site "Salzburg"]
[Date "2014.03.09"]
[Round "11"]
[Board "4"]
[White "Bezler, Rainer"]
[Black "Ljubic, Juro"]
[Result "1/2-1/2"]
[WhiteElo "2212"]
[BlackElo "2227"]
[PlyCount "86"]
[EventDate "2013.10.18"]
[EventType "team"]
[EventRounds "11"]
[EventCountry "AUT"]
[WhiteTeam "Bregenz"]
[BlackTeam "Schwarzach"]

1. d4 Nf6 2. c4 e6 3. g3 Bb4+ 4. Bd2 Bxd2+ 5. Nxd2 d6 6. Ngf3 Nc6 7. Bg2 O-O 8.
O-O e5 9. d5 Ne7 10. Qc2 c5 11. a3 a5 12. b4 axb4 13. axb4 Rxa1 14. Rxa1 cxb4
15. Qb2 Nd7 16. Qxb4 Qc7 17. Ne4 Nc5 18. Nxc5 dxc5 19. Qa5 Qd6 20. Rb1 Nf5 21.
Nd2 h5 22. Ne4 Qg6 23. Qxc5 Nd4 24. Qd6 f6 25. Re1 Bg4 26. f3 Bf5 27. Nc5 Nc2
28. Rb1 Ne3 29. Rxb7 Ra8 30. Rb8+ Rxb8 31. Qxb8+ Kh7 32. Qb3 Qh6 33. Ne4 h4 34.
Kf2 Nxg2 35. Kxg2 h3+ 36. Kf2 Qc1 37. Qd3 Qh1 38. d6 Qxh2+ 39. Ke3 Qg1+ 40. Kd2
Qa7 41. d7 Qxd7 42. Qxd7 Bxd7 43. Ke1 Kg6 1/2-1/2

[Event "2. Bundesliga West 2013/14"]
[Site "Salzburg"]
[Date "2014.03.09"]
[Round "11"]
[Board "5"]
[White "Stoeckl, Norbert"]
[Black "Matt, Fabian"]
[Result "1/2-1/2"]
[WhiteElo "2086"]
[BlackElo "2191"]
[PlyCount "62"]
[EventDate "2013.10.18"]
[EventType "team"]
[EventRounds "11"]
[EventCountry "AUT"]
[WhiteTeam "Schwarzach"]
[BlackTeam "Bregenz"]

1. e4 e5 2. Nf3 Nc6 3. Bb5 Nf6 4. O-O Nxe4 5. d4 Nd6 6. Bxc6 dxc6 7. dxe5 Nf5
8. Qxd8+ Kxd8 9. b3 h6 10. Bb2 Bd7 11. Nc3 Be7 12. Ne4 Kc8 13. Rae1 Rd8 14. h3
a5 15. a3 Be6 16. g4 Nh4 17. Nxh4 Bxh4 18. Re3 h5 19. f4 hxg4 20. f5 Bd5 21.
hxg4 b6 22. Rff3 Kb7 23. Rh3 Be7 24. Rh7 Bxe4 25. Rxe4 Rd2 26. Rxg7 Bc5+ 27.
Kf1 Rh8 28. Re2 Rh1+ 29. Kg2 Rg1+ 30. Kf3 Rf1+ 31. Kg2 Rg1+ 1/2-1/2

[Event "2. Bundesliga West 2013/14"]
[Site "Salzburg"]
[Date "2014.03.09"]
[Round "11"]
[Board "1"]
[White "Roth, Peter"]
[Black "Froewis, Georg"]
[Result "0-1"]
[WhiteElo "2191"]
[BlackElo "2422"]
[PlyCount "38"]
[EventDate "2013.10.18"]
[EventType "team"]
[EventRounds "11"]
[EventCountry "AUT"]
[WhiteTeam "ASK Salzburg 1"]
[BlackTeam "Hohenems II"]

1.e4 e6 2.d4 d5 3.Nc3 dxe4 4.Nxe4 Nf6 5.Nxf6+ gxf6 6.Nf3 Nc6 7.Bf4 Bd6 8.Bxd6 Qxd6
9.Qd2 Bd7 10.O-O-O Ne7 11.Qh6 Ng6 12.Qe3 O-O-O 13.g3 Bc6 14.Bg2 Kb8 15.c4 Ne7 16.d5
exd5 17.Nd4 Rhe8 18.Nxc6+ Qxc6 19.Rhe1 Nc80-1 0-1

[Event "2. Bundesliga West 2013/14"]
[Site "Salzburg"]
[Date "2014.03.09"]
[Round "11"]
[Board "2"]
[White "Novkovic, Milan"]
[Black "Juergens, Klaus"]
[Result "1/2-1/2"]
[WhiteElo "2381"]
[BlackElo "2140"]
[PlyCount "112"]
[EventDate "2013.10.18"]
[EventType "team"]
[EventRounds "11"]
[EventCountry "AUT"]
[WhiteTeam "Hohenems II"]
[BlackTeam "ASK Salzburg 1"]

1. Nf3 c5 2. c4 Nc6 3. d4 cxd4 4. Nxd4 g6 5. e4 Bg7 6. Be3 Nf6 7. Nc3 O-O 8.
Be2 d6 9. O-O Nxd4 10. Bxd4 Bd7 11. Qd2 Bc6 12. f3 Nd7 13. Be3 a5 14. b3 Nc5
15. Rfe1 e6 16. Rab1 Qe7 17. a3 a4 18. b4 Nb3 19. Qd3 Qf6 20. Nd1 d5 21. exd5
exd5 22. c5 d4 23. Bf2 Bd7 24. g4 Rfe8 25. Nb2 Bh6 26. Kg2 Bd2 27. Red1 Be3 28.
Bg3 Bc6 29. Nc4 Bb5 30. Qc2 Bd2 31. Rxd2 Nxd2 32. Qxd2 Qe6 33. Bf1 Bxc4 34.
Qxd4 Bxf1+ 35. Rxf1 Rad8 36. Bd6 Qe3 37. Qf6 Qe6 38. Qa1 Qe2+ 39. Rf2 Qe1 40.
Qf6 Rc8 41. Qb2 Re6 42. Kh3 Rce8 43. Qd4 Re3 44. Bg3 Rxa3 45. b5 Qe3 46. Qd5
Rd3 47. Qxb7 Qxc5 48. Qa6 a3 49. b6 Rb3 50. b7 Rb6 51. Qa8 Qf8 52. Qa7 Rb2 53.
Kg2 Qb4 54. Qa8 Qf8 55. Qa7 Qb4 56. Qa8 Qf8 1/2-1/2

[Event "2. Bundesliga West 2013/14"]
[Site "Salzburg"]
[Date "2014.03.09"]
[Round "11"]
[Board "3"]
[White "Scheiblmaier, Robert"]
[Black "Atlas, Dmitry"]
[Result "1/2-1/2"]
[WhiteElo "2184"]
[BlackElo "2177"]
[PlyCount "61"]
[EventDate "2013.10.18"]
[EventType "team"]
[EventRounds "11"]
[EventCountry "AUT"]
[WhiteTeam "ASK Salzburg 1"]
[BlackTeam "Hohenems II"]

1. d4 d5 2. c4 c6 3. cxd5 cxd5 4. Nc3 Nf6 5. Nf3 g6 6. Bf4 Nc6 7. h3 Bg7 8. e3
O-O 9. Be2 Be6 10. O-O h6 11. Ne5 Nd7 12. Nxd7 Qxd7 13. Na4 b6 14. Bb5 Qb7 15.
Bxc6 Qxc6 16. Rc1 Qb5 17. b3 Rac8 18. Qd2 Bd7 19. Nc3 Qc6 20. a4 Qb7 21. Na2 a5
22. Rxc8 Rxc8 23. Rc1 Rxc1+ 24. Qxc1 b5 25. Qc7 Qxc7 26. Bxc7 bxa4 27. bxa4
Bxa4 28. Bxa5 e6 29. Bb4 Bb3 30. Nc3 Bc4 31. Bd6 1/2-1/2

[Event "2. Bundesliga West 2013/14"]
[Site "Salzburg"]
[Date "2014.03.09"]
[Round "11"]
[Board "4"]
[White "Sandholzer, Robert"]
[Black "Loeffler, Christoph"]
[Result "1/2-1/2"]
[WhiteElo "2192"]
[BlackElo "2167"]
[PlyCount "59"]
[EventDate "2013.10.18"]
[EventType "team"]
[EventRounds "11"]
[EventCountry "AUT"]
[WhiteTeam "Hohenems II"]
[BlackTeam "ASK Salzburg 1"]

1. e4 c6 2. d4 d5 3. e5 Bf5 4. Be3 e6 5. Nd2 Nd7 6. c3 Ne7 7. Be2 Bg6 8. f4 h5
9. Ngf3 Nf5 10. Bf2 c5 11. O-O Qb6 12. Qb3 c4 13. Qxb6 Nxb6 14. a4 a5 15. g3
Nh6 16. Rfc1 Be7 17. Ne1 Kd7 18. Nc2 Rhc8 19. Ne3 Rc7 20. Kg2 Rac8 21. Rh1 f6
22. Rhd1 Nf5 23. Nxf5 exf5 24. Nf3 Ke6 25. Re1 Be8 26. Bd1 Kf7 27. Bc2 g6 28.
Re2 Kg7 29. h3 Bc6 30. Kh2 1/2-1/2